El bachiller Osejo /

保存先:
書誌詳細
第一著者: Zelaya Goodman, Chester José, 1939-
フォーマット: 不明
言語:Spanish
出版事項: San José, Costa Rica : Editorial Costa Rica, 1971.
主題:
タグ: タグ追加
タグなし, このレコードへの初めてのタグを付けませんか!

MARC

LEADER 000000000a22000000004500
001 008448
008 181112b xxu||||| |||| 00| 0 spa d
041 0 |a español 
082 0 4 |a 92   |b O813ze 
100 1 |a Zelaya Goodman, Chester José,   |d 1939- 
245 1 3 |a El bachiller Osejo /   |c Chester José Zelaya Goodman. 
260 1 |a San José, Costa Rica :   |b Editorial Costa Rica,   |c 1971. 
300 |a 423 páginas 
490 |v Tomo I 
650 4 |a OSEJO, RAFAEL FRANCISCO, 1790? - 1948? 
942 |c BK  |2 ddc 
999 |c 14020  |d 14020